[Event "Asia-ch U18"]
[Site "Tehran"]
[Date "2004.04.07"]
[Round "6"]
[White "Sadeghi, Saeid"]
[Black "Himanshu, Kumar"]
[Result "1/2-1/2"]
[WhiteElo "2164"]
[BlackElo "2051"]
[PlyCount "56"]
[EventDate "2004.04.03"]
[EventType "swiss"]
[EventRounds "9"]
[EventCountry "IRI"]
[SourceTitle "CBM 099 Extra"]
[Source "ChessBase"]
[SourceDate "2004.05.04"]
[SourceVersion "1"]
[SourceVersionDate "2004.05.04"]
[SourceQuality "1"]

1. e4 c5 2. Nc3 Nc6 3. g3 g6 4. Bg2 Bg7 5. d3 d6 6. f4 e6 7. Nf3 Nge7 8. Be3 Nd4 9. 0-0 0-0 10. e5 Nef5 11. Bf2 Nxf3+ 12. Qxf3 Nd4 13. Qd1 dxe5 14. fxe5 Bxe5 15. Ne4 Nf5 16. c3 Qc7 17. Bxc5 Rd8 18. Qf3 b6 19. Ba3 Ba6 20. Rfd1 Rac8 21. Rd2 Nd6 22. Re1 Nxe4 23. Qxe4 Bd6 24. Bxd6 Rxd6 25. Red1 Rcd8 26. d4 Bc4 27. b3 Bd5 28. Qe3 Bxg2 1/2-1/2

[Event "Paks Cup IM 7th"]
[Site "Paks"]
[Date "2003.11.26"]
[Round "8"]
[White "Zlatic, Mihailo"]
[Black "Himanshu, Kumar"]
[Result "1-0"]
[WhiteElo "2396"]
[BlackElo "2051"]
[PlyCount "137"]
[EventDate "2003.11.19"]
[EventType "tourn"]
[EventRounds "9"]
[EventCountry "HUN"]
[EventCategory "1"]
[SourceTitle "CBM 097 Extra"]
[Source "ChessBase"]
[SourceDate "2004.01.13"]
[SourceVersion "1"]
[SourceVersionDate "2004.01.13"]
[SourceQuality "1"]

1. c4 e6 2. Nf3 d5 3. g3 dxc4 4. Qa4+ Nd7 5. Qxc4 a6 6. Bg2 b5 7. Qc2 Bb7 8. 0-0 c5 9. d3 Bd6 10. a4 b4 11. Nbd2 Rc8 12. Nc4 Bb8 13. b3 Ngf6 14. Bb2 0-0 15. Rad1 Qe7 16. e4 Bc7 17. Nh4 Nb6 18. Ne3 a5 19. Qe2 Bb8 20. f4 Bc6 21. Bh3 c4 22. Nxc4 Nxc4 23. bxc4 Ba7+ 24. Kh1 Rfd8 25. Bg2 Bxa4 26. Ra1 Bc6 27. Rxa5 Bb6 28. Ra6 Qb7 29. Raa1 Qd7 30. Rfd1 Ba4 31. Rd2 Bb3 32. e5 Ne8 33. Nf3 g6 34. Rc1 Qc7 35. Ng5 Ng7 36. g4 h5 37. h3 hxg4 38. hxg4 Kf8 39. Ne4 Ke7 40. Bf3 Bd4 41. Bxd4 Rxd4 42. Rb1 Ba4 43. Rxb4 Bc6 44. Rdb2 Rh8+ 45. Kg2 g5 46. Qe3 Rhd8 47. R4b3 gxf4 48. Qxf4 Rxd3 49. Rxd3 Rxd3 50. Rf2 Ne8 51. Ng5 Bxf3+ 52. Nxf3 Kd8 53. Ng5 Qb7+ 54. Kh2 Rd1 55. Nxf7+ Kc8 56. Qf3 Qd7 57. Qa8+ Kc7 58. Qa7+ Kc8 59. Qxd7+ Kxd7 60. Rf4 Kc6 61. Ng5 Nc7 62. Nf3 Kc5 63. g5 Rc1 64. g6 Ne8 65. Ng5 Ng7 66. Rf7 Nh5 67. g7 Nxg7 68. Rxg7 Rxc4 69. Rc7+ 1-0

[Event "Wch U20 41st"]
[Site "Goa"]
[Date "2002.12.17"]
[Round "10"]
[White "Phanikanth, JSS"]
[Black "Himanshu, Kumar"]
[Result "1/2-1/2"]
[WhiteElo "2012"]
[BlackElo "2072"]
[PlyCount "35"]
[EventDate "2002.12.09"]
[EventType "swiss"]
[EventRounds "13"]
[EventCountry "IND"]
[SourceTitle "CBM 091 Extra"]
[Source "ChessBase"]
[SourceDate "2003.01.09"]
[SourceVersion "1"]
[SourceVersionDate "2003.01.09"]
[SourceQuality "1"]

1. e4 c5 2. Nf3 Nc6 3. d4 cxd4 4. Nxd4 e6 5. Nc3 a6 6. Be2 Qc7 7. 0-0 Nf6 8. a3 Nxd4 9. Qxd4 Bc5 10. Qd3 b5 11. Be3 Bb7 12. Rad1 0-0 13. f4 Rac8 14. Bxc5 Qxc5+ 15. Kh1 d5 16. exd5 Nxd5 17. Nxd5 Bxd5 18. Qh3 1/2-1/2

[Event "Wch U20 41st"]
[Site "Goa"]
[Date "2002.12.15"]
[Round "8"]
[White "Himanshu, Kumar"]
[Black "Vuilleumier, Alexandre"]
[Result "1/2-1/2"]
[WhiteElo "2072"]
[BlackElo "2193"]
[PlyCount "145"]
[EventDate "2002.12.09"]
[EventType "swiss"]
[EventRounds "13"]
[EventCountry "IND"]
[SourceTitle "CBM 091 Extra"]
[Source "ChessBase"]
[SourceDate "2003.01.09"]
[SourceVersion "1"]
[SourceVersionDate "2003.01.09"]
[SourceQuality "1"]

1. Nf3 c5 2. c4 Nf6 3. g3 e6 4. Bg2 Be7 5. 0-0 0-0 6. b3 d5 7. Bb2 Nc6 8. e3 b6 9. Nc3 Bb7 10. Qe2 Rc8 11. d3 Rc7 12. Rfd1 Rd7 13. a3 Qa8 14. cxd5 Nxd5 15. Nxd5 Rxd5 16. Ne5 Rxe5 17. Bxc6 Bxc6 18. Bxe5 Bf3 19. Qb2 f6 20. Bc3 Bxd1 21. Rxd1 Qf3 22. Re1 Rd8 23. d4 cxd4 24. Bxd4 e5 25. Bc3 h5 26. h4 b5 27. Bb4 Bxb4 28. axb4 Qe4 29. Qc3 Rd3 30. Qc8+ Kh7 31. Qe8 Qg4 32. Qxb5 Rxb3 33. Qc5 Qxb4 34. Qxb4 Rxb4 35. Ra1 Rb7 36. e4 Kg6 37. Kg2 Kf7 38. Ra6 Ke7 39. Kh3 Kd7 40. g4 hxg4+ 41. Kxg4 Kc7 42. Kf5 Kb8 43. Kg6 Rc7 44. h5 Kb7 45. Ra2 Kb6 46. Rb2+ Ka5 47. Rb1 a6 48. Ra1+ Kb6 49. Rb1+ Ka7 50. Ra1 Kb7 51. f3 Kb6 52. Rb1+ Ka7 53. Ra1 Kb7 54. Ra2 Rd7 55. Ra1 Kb6 56. Rb1+ Kc5 57. Rc1+ Kb4 58. Rb1+ Kc3 59. Rc1+ Kd2 60. Rc8 Ke3 61. Rg8 Kxf3 62. Rxg7 Rd1 63. h6 Kxe4 64. h7 Rh1 65. Kxf6 Kf4 66. Rf7 e4 67. Kg7+ Kg3 68. Ra7 e3 69. Rxa6 e2 70. Re6 Kf2 71. Rxe2+ Kxe2 72. h8Q Rxh8 73. Kxh8 1/2-1/2

[Event "Chigorin Memorial-B 10th"]
[Site "St Petersburg"]
[Date "2002.10.31"]
[Round "6"]
[White "Sklyarov, Alexander"]
[Black "Himanshu, Kumar"]
[Result "1/2-1/2"]
[WhiteElo "2271"]
[BlackElo "2072"]
[PlyCount "38"]
[EventDate "2002.10.25"]
[EventType "swiss"]
[EventRounds "9"]
[EventCountry "RUS"]
[SourceTitle "EXT 2003"]
[Source "ChessBase"]
[SourceDate "2002.11.25"]
[SourceVersion "1"]
[SourceVersionDate "2002.11.25"]
[SourceQuality "1"]

1. g3 d5 2. Bg2 c5 3. Nf3 Nc6 4. 0-0 Nf6 5. d3 g6 6. Nbd2 Bg7 7. Re1 0-0 8. c3 e5 9. e4 b6 10. Qc2 h6 11. Nf1 Be6 12. Ne3 Qd7 13. a3 a5 14. exd5 Nxd5 15. Nc4 Qc7 16. a4 Rad8 17. Bd2 Rfe8 18. Rad1 f5 19. Bc1 Bf7 1/2-1/2

[Event "Chigorin Memorial-B 10th"]
[Site "St Petersburg"]
[Date "2002.10.25"]
[Round "1"]
[White "Sibriaev, Aleksandr"]
[Black "Himanshu, Kumar"]
[Result "1/2-1/2"]
[WhiteElo "2300"]
[BlackElo "2072"]
[PlyCount "28"]
[EventDate "2002.10.25"]
[EventType "swiss"]
[EventRounds "9"]
[EventCountry "RUS"]
[SourceTitle "EXT 2003"]
[Source "ChessBase"]
[SourceDate "2002.11.25"]
[SourceVersion "1"]
[SourceVersionDate "2002.11.25"]
[SourceQuality "1"]

1. Nf3 d5 2. d4 e6 3. c4 dxc4 4. Qa4+ Nd7 5. Qxc4 c5 6. g3 b6 7. Bg2 Bb7 8. 0-0 Ngf6 9. Rd1 Rc8 10. Nc3 cxd4 11. Qxd4 Bc5 12. Qh4 Qe7 13. Ng5 0-0 14. e4 h6 1/2-1/2

[Event "Olomouc Ave Kontakt Cup"]
[Site "Olomouc"]
[Date "2002.??.??"]
[Round "6"]
[White "Himanshu, Kumar"]
[Black "Hernandez Guerrero, Yadira"]
[Result "0-1"]
[WhiteElo "2091"]
[BlackElo "2234"]
[PlyCount "133"]
[EventDate "2002.08.??"]
[EventType "tourn"]
[EventRounds "11"]
[EventCountry "CZE"]
[EventCategory "3"]
[SourceTitle "CBM 089 Extra"]
[Source "ChessBase"]
[SourceDate "2002.09.10"]
[SourceVersion "2"]
[SourceVersionDate "2002.09.10"]
[SourceQuality "1"]

1. Nf3 d5 2. d4 c6 3. e3 Bf5 4. c4 e6 5. Nc3 Nf6 6. cxd5 exd5 7. Be2 Bd6 8. Qb3 Qc7 9. Bd2 Nbd7 10. Rc1 Qb6 11. 0-0 0-0 12. Na4 Qxb3 13. axb3 Ne4 14. Be1 Rfc8 15. Nc3 a5 16. Nxe4 Bxe4 17. Ra1 b6 18. Bc3 Nb8 19. b4 a4 20. Nd2 Bf5 21. Ra3 Na6 22. Bxa6 Rxa6 23. Rfa1 Rca8 24. Rc1 h5 25. Nf3 f6 26. Bd2 Bd7 27. Ne1 Kf7 28. Nd3 g5 29. Be1 R6a7 30. Bd2 Ke7 31. Be1 Rc7 32. Rca1 Bf5 33. Bd2 h4 34. f3 Kd7 35. Ne1 b5 36. Nd3 Bxd3 37. Rxd3 Re8 38. Re1 f5 39. Bc3 Kc8 40. Rd2 Rce7 41. Rde2 Kd7 42. Bd2 Re6 43. Kh1 Bf4 44. Kg1 R8e7 45. Bc1 Ke8 46. Bd2 Kf7 47. Bc1 Kg6 48. Bd2 Bc7 49. Bc3 Re8 50. Bd2 Kh5 51. Bc3 g4 52. Bd2 gxf3 53. gxf3 h3 54. Kf1 Rg8 55. f4 Reg6 56. Kf2 Bd8 57. Kf3 Bh4 58. Rf1 Rg1 59. Rc1 Rxc1 60. Bxc1 Rg1 61. Rc2 Rf1+ 62. Ke2 Rf2+ 63. Kd3 Rxc2 64. Kxc2 Kg4 65. Kd1 Kf3 66. Bd2 Bg3 67. hxg3 0-1

[Event "Olomouc Ave Kontakt Cup"]
[Site "Olomouc"]
[Date "2002.??.??"]
[Round "4"]
[White "Himanshu, Kumar"]
[Black "Neuman, Petr"]
[Result "0-1"]
[WhiteElo "2091"]
[BlackElo "2410"]
[PlyCount "97"]
[EventDate "2002.08.??"]
[EventType "tourn"]
[EventRounds "11"]
[EventCountry "CZE"]
[EventCategory "3"]
[SourceTitle "CBM 089 Extra"]
[Source "ChessBase"]
[SourceDate "2002.09.10"]
[SourceVersion "2"]
[SourceVersionDate "2002.09.10"]
[SourceQuality "1"]

1. Nf3 Nf6 2. c4 g6 3. g3 Bg7 4. Bg2 0-0 5. 0-0 c6 6. Nc3 d6 7. d4 Qa5 8. d5 Qa6 9. Nd2 Nbd7 10. Qa4 Qxa4 11. Nxa4 cxd5 12. cxd5 b5 13. Nc3 b4 14. Nb5 Bb7 15. Nb3 Bxd5 16. Nc7 Bxg2 17. Kxg2 Rab8 18. Rd1 Rfc8 19. Nd5 Nxd5 20. Rxd5 Nc5 21. Nxc5 Rxc5 22. Rxc5 dxc5 23. Bf4 Rc8 24. Rd1 c4 25. Kf3 a5 26. e4 c3 27. bxc3 Rxc3+ 28. Be3 Ra3 29. Rc1 Bh6 30. Rc2 Kg7 31. Ke2 Bxe3 32. fxe3 Kf6 33. Kf3 h5 34. h4 Ke6 35. Rd2 f5 36. Kf4 Kf6 37. Kf3 e5 38. Rd6+ Kf7 39. Rd7+ Ke6 40. Rd2 Ke7 41. exf5 gxf5 42. Rd5 Ke6 43. Rd2 Rc3 44. Rd8 Rc2 45. Re8+ Kf6 46. Rf8+ Kg6 47. Rb8 Rxa2 48. Rb6+ Kg7 49. Rb5 0-1

[Event "Olomouc Ave Kontakt Cup"]
[Site "Olomouc"]
[Date "2002.??.??"]
[Round "1"]
[White "Meissner, Bernd"]
[Black "Himanshu, Kumar"]
[Result "1-0"]
[WhiteElo "2382"]
[BlackElo "2091"]
[PlyCount "43"]
[EventDate "2002.08.??"]
[EventType "tourn"]
[EventRounds "11"]
[EventCountry "CZE"]
[EventCategory "3"]
[SourceTitle "CBM 089 Extra"]
[Source "ChessBase"]
[SourceDate "2002.09.10"]
[SourceVersion "2"]
[SourceVersionDate "2002.09.10"]
[SourceQuality "1"]

1. d4 d5 2. c4 dxc4 3. Nf3 e6 4. e4 b5 5. a4 c6 6. axb5 cxb5 7. b3 Bb4+ 8. Bd2 Qe7 9. bxc4 Bxd2+ 10. Nbxd2 bxc4 11. Nxc4 Nf6 12. e5 Ne4 13. Qb1 Bb7 14. Bd3 Nc3 15. Qxb7 Qxb7 16. Nd6+ Ke7 17. Nxb7 Nd7 18. Kd2 Nd5 19. Na5 Rab8 20. Nc6+ Ke8 21. Nxb8 Nxb8 22. Rxa7 1-0

[Event "Olomouc Ave Kontakt Cup"]
[Site "Olomouc"]
[Date "2002.??.??"]
[Round "3"]
[White "Plachetka, Jan"]
[Black "Himanshu, Kumar"]
[Result "1-0"]
[WhiteElo "2439"]
[BlackElo "2091"]
[PlyCount "85"]
[EventDate "2002.08.??"]
[EventType "tourn"]
[EventRounds "11"]
[EventCountry "CZE"]
[EventCategory "3"]
[SourceTitle "CBM 089 Extra"]
[Source "ChessBase"]
[SourceDate "2002.09.10"]
[SourceVersion "2"]
[SourceVersionDate "2002.09.10"]
[SourceQuality "1"]

1. e4 c5 2. Nf3 Nc6 3. Bb5 g6 4. Bxc6 dxc6 5. d3 Bg7 6. h3 e5 7. Be3 Qe7 8. Qd2 f6 9. 0-0 Be6 10. a3 a5 11. Qc3 Bf8 12. Nbd2 Ra6 13. Nc4 Qc7 14. b3 b6 15. Qb2 Bxc4 16. bxc4 Nh6 17. Nh2 g5 18. c3 Bd6 19. Qe2 0-0 20. Qh5 Qg7 21. h4 Nf7 22. Ng4 Be7 23. a4 Qg6 24. Qxg6+ hxg6 25. hxg5 fxg5 26. Rab1 Rd8 27. Rfd1 Kg7 28. f3 Bf6 29. Kf2 Nh6 30. Nxh6 Kxh6 31. Kg3 Kg7 32. Kg4 Rh8 33. Bxg5 Bxg5 34. Kxg5 Rh2 35. Rd2 Rh5+ 36. Kg4 Kf6 37. Kg3 Rg5+ 38. Kf2 Ke6 39. g4 Kf6 40. Rdb2 Ra8 41. Rxb6 Rh8 42. Rxc6+ Kf7 43. Rb7+ 1-0